Radio meteorology
Spremljeno u:
| Glavni autor: | |
|---|---|
| Autor kompanije: | |
| Daljnji autori: | |
| Format: | Knjiga |
| Jezik: | English |
| Izdano: |
New York, Dover Publications
1968
|
| Teme: | |
| Oznake: |
Dodaj oznaku
Bez oznaka, Budi prvi tko označuje ovaj zapis!
|
MARC
| LEADER | 00000nam a2200000Ia 4500 | ||
|---|---|---|---|
| 003 | 001936 | ||
| 005 | 20221231143935.0 | ||
| 008 | 140114s1968 nyua 000 ||eng d | ||
| 040 | |c cru CEDI | ||
| 082 | |a 551.635 B366r | ||
| 100 | |a Bean, B. R. 1927- |9 20976 | ||
| 245 | |a Radio meteorology | ||
| 260 | |a New York, Dover Publications |c 1968 | ||
| 648 | |x RADIOSONDAS |9 20980 | ||
| 700 | |9 20978 |a Dutton, E. J. | ||
| 710 | |9 20979 |a Central Radio Propagation Laboratory (U.S.) | ||
| 942 | |2 ddc |c BK | ||
| 999 | |c 14547 |d 14547 | ||
